[Event "Ruhrgebiet Verbandsliga Gruppe 1 1617"]
[Site "Germany"]
[Date "2016.09.04"]
[Round "1.2"]
[White "Georg, Felix"]
[Black "Ahling, Michael"]
[Result "0-1"]
[WhiteElo "1883"]
[BlackElo "2090"]
[PlyCount "94"]
[EventDate "2016.09.04"]
[EventType "team-tourn"]
[EventRounds "9"]
[EventCountry "GER"]
[SourceTitle "EXT 2022"]
[Source "ChessBase"]
[SourceDate "2021.10.06"]
[SourceVersion "1"]
[SourceVersionDate "2021.10.06"]
[SourceQuality "1"]
[WhiteTeam "Kamen SV II"]
[BlackTeam "Horst Emscher"]
[WhiteTeamCountry "GER"]
[BlackTeamCountry "GER"]

1. Nc3 d5 2. d4 Bf5 3. Bf4 e6 4. f3 Nf6 5. g4 Bg6 6. h4 h6 7. e3 Bd6 8. Nh3 a6 9. Bd3 Bxd3 10. Qxd3 c5 11. b3 cxd4 12. exd4 Nc6 13. a3 Rc8 14. Bxd6 Qxd6 15. Kf2 g6 16. Kg2 h5 17. g5 Ng8 18. Ne2 Nge7 19. Ng3 0-0 20. f4 Rfd8 21. Rhf1 Na7 22. Ng1 Qc7 23. Ra2 Nb5 24. N1e2 Nd6 25. c3 Ndf5 26. Nxf5 Nxf5 27. Kh3 Rd6 28. a4 Rc6 29. Rc2 Nd6 30. Rf3 Qa5 31. Ra2 Qb6 32. Rb2 Qc7 33. Rc2 b5 34. b4 Rc4 35. axb5 Nxb5 36. f5 exf5 37. Nf4 Nxc3 38. Nxh5 Ne4 39. Rg2 Rc3 40. Qe2 gxh5 41. Rxc3 Qxc3+ 42. Kh2 Qc7+ 43. Kh3 Qf4 44. Rg1 Rc3+ 45. Kg2 Rg3+ 46. Kh1 Qxh4+ 47. Qh2 Nf2# 0-1

[Event "Ruhrgebiet Verbandsliga Gruppe 2 1516"]
[Site "Germany"]
[Date "2015.11.29"]
[Round "4.2"]
[White "Ahling, Michael"]
[Black "Gelashvili, George"]
[Result "1/2-1/2"]
[WhiteElo "2092"]
[BlackElo "2110"]
[PlyCount "46"]
[EventDate "2015.09.06"]
[EventType "team-tourn"]
[EventRounds "9"]
[EventCountry "GER"]
[SourceTitle "EXT 2022"]
[Source "ChessBase"]
[SourceDate "2021.10.06"]
[SourceVersion "1"]
[SourceVersionDate "2021.10.06"]
[SourceQuality "1"]
[WhiteTeam "Horst Emscher"]
[BlackTeam "Hamm SV"]
[WhiteTeamCountry "GER"]
[BlackTeamCountry "GER"]

1. d4 g6 2. Nf3 Bg7 3. Bf4 Nf6 4. e3 0-0 5. Be2 d6 6. h3 b6 7. 0-0 Bb7 8. Nbd2 Nbd7 9. a4 a5 10. Nc4 Re8 11. c3 Nf8 12. Nfd2 Nd5 13. Bh2 f5 14. Bf3 Rb8 15. e4 fxe4 16. Bxe4 e6 17. Re1 Nd7 18. Ne3 Nxe3 19. Rxe3 Bxe4 20. Nxe4 Bh6 21. Rf3 d5 22. Nd2 e5 23. dxe5 Nxe5 1/2-1/2

[Event "NRW Verbandsliga Group2 1314"]
[Site "Nordrheinwestfalen"]
[Date "2014.01.26"]
[Round "6"]
[White "Ahling, Michael"]
[Black "Hahn, Matthias"]
[Result "1-0"]
[WhiteElo "2077"]
[BlackElo "2050"]
[PlyCount "85"]
[EventDate "2013.09.08"]
[EventType "team-tourn"]
[EventRounds "9"]
[EventCountry "GER"]
[SourceTitle "EXT 2020"]
[Source "ChessBase"]
[SourceDate "2019.10.17"]
[SourceVersion "1"]
[SourceVersionDate "2019.10.17"]
[SourceQuality "1"]
[WhiteTeam "Horst Emscher"]
[BlackTeam "Bochum-Linden"]
[WhiteTeamCountry "GER"]
[BlackTeamCountry "GER"]

1. d4 Nf6 2. Nf3 e6 3. Bf4 c5 4. c3 d5 5. e3 Nc6 6. Nbd2 Bd6 7. Bg3 Bxg3 8. hxg3 Qd6 9. Bb5 Bd7 10. Qc2 h6 11. Bxc6 Bxc6 12. Ne5 Rf8 13. a4 Ke7 14. g4 Be8 15. b4 cxb4 16. cxb4 Nd7 17. Nxd7 Bxd7 18. 0-0 Rfc8 19. Qh7 Rh8 20. Qb1 Rac8 21. Nf3 Rc4 22. b5 Qb4 23. Qd1 f6 24. Nh4 Be8 25. Qd3 Rc3 26. Qd2 Bf7 27. Rab1 Qc4 28. Rfc1 Rc8 29. Rxc3 Qxc3 30. Qa2 Rc4 31. Nf3 Bg6 32. Ra1 Rb4 33. Ne1 Kd7 34. Nf3 Rb2 35. Qa3 Rb1+ 36. Kh2 Qxa1 37. Qf8 Be8 38. Qxg7+ Kc8 39. Qf8 Kd8 40. Qxf6+ Kc8 41. Qe7 Qxa4 42. Qxe8+ Kc7 43. b6+ 1-0

[Event "NRW Verbandsliga Group2 1314"]
[Site "Nordrheinwestfalen"]
[Date "2013.10.13"]
[Round "2.3"]
[White "Laarmann, Gerd"]
[Black "Ahling, Michael"]
[Result "0-1"]
[WhiteElo "1919"]
[BlackElo "2077"]
[PlyCount "124"]
[EventDate "2013.09.08"]
[EventType "team-tourn"]
[EventRounds "9"]
[EventCountry "GER"]
[SourceTitle "EXT 2020"]
[Source "ChessBase"]
[SourceDate "2019.10.17"]
[SourceVersion "1"]
[SourceVersionDate "2019.10.17"]
[SourceQuality "1"]
[WhiteTeam "Rochade Steele/Kray"]
[BlackTeam "Horst Emscher"]
[WhiteTeamCountry "GER"]
[BlackTeamCountry "GER"]

1. d4 d5 2. Nf3 Nf6 3. c4 c6 4. Nbd2 Bf5 5. Nh4 Bd7 6. e3 e6 7. Nhf3 Be7 8. Bd3 0-0 9. 0-0 c5 10. dxc5 Bxc5 11. b3 Nc6 12. Bb2 Rc8 13. Rc1 dxc4 14. Nxc4 Qe7 15. Qe2 Rfd8 16. Rfd1 a6 17. Nce5 Nxe5 18. Nxe5 Be8 19. a4 Ba3 20. Bc4 Bxb2 21. Qxb2 Rxd1+ 22. Rxd1 Qb4 23. Qd2 Qxd2 24. Rxd2 b5 25. axb5 axb5 26. Bf1 Kf8 27. h4 Rc3 28. Rb2 Ke7 29. Nf3 Rc1 30. Nd4 g6 31. f3 e5 32. Nc2 Nd5 33. Kf2 Nc3 34. Be2 Rh1 35. b4 Rxh4 36. e4 f5 37. exf5 gxf5 38. Ne3 Kf6 39. Rc2 Nxe2 40. Kxe2 Ke6 41. Rc8 Bd7 42. Rc7 Rxb4 43. Nxf5 Rb2+ 44. Kf1 Kxf5 45. Rxd7 Kf4 46. Rxh7 Ke3 47. Kg1 Rb1+ 48. Kh2 b4 49. Rh4 Kf2 50. Re4 Rg1 51. Rxb4 Rxg2+ 52. Kh1 Rg8 53. Rb2+ Kxf3 54. Rb3+ Kf4 55. Ra3 e4 56. Ra7 Kf3 57. Rf7+ Ke2 58. Re7 e3 59. Rd7 Ke1 60. Ra7 e2 61. Kh2 Re8 62. Kg2 Kd2 0-1

[Event "Ruhrgebiet Regionalliga 1213"]
[Site "Nordrheinwestfalen"]
[Date "2012.12.09"]
[Round "4.3"]
[White "Ahling, Michael"]
[Black "Luft, Dennis"]
[Result "0-1"]
[WhiteElo "2114"]
[BlackElo "2095"]
[PlyCount "116"]
[EventDate "2012.09.09"]
[EventType "team-tourn"]
[EventRounds "9"]
[EventCountry "GER"]
[SourceTitle "EXT 2020"]
[Source "ChessBase"]
[SourceDate "2019.10.17"]
[SourceVersion "1"]
[SourceVersionDate "2019.10.17"]
[SourceQuality "1"]
[WhiteTeam "Horst Emscher"]
[BlackTeam "Brackel SF"]
[WhiteTeamCountry "GER"]
[BlackTeamCountry "GER"]

1. b4 d5 2. Nf3 Bg4 3. Bb2 Nd7 4. e3 Ngf6 5. Be2 e6 6. b5 Bd6 7. h3 Bh5 8. c4 c6 9. 0-0 0-0 10. d4 cxb5 11. cxb5 Ne4 12. Nbd2 Nxd2 13. Nxd2 Bg6 14. Qb3 Qa5 15. Nf3 Rfc8 16. Rfc1 Nb6 17. a4 Rxc1+ 18. Bxc1 Bb4 19. Ba3 Bc3 20. Rc1 Rc8 21. Bd1 Bd2 22. Rxc8+ Nxc8 23. Bc2 Nb6 24. Bc5 Nc4 25. Bxg6 hxg6 26. Qc2 Bc3 27. e4 b6 28. Be7 Nd2 29. Nxd2 Bxd2 30. exd5 exd5 31. Qc8+ Kh7 32. Qe8 Bf4 33. Bh4 Qxa4 34. g3 Bh6 35. Qxf7 Qxd4 36. Bd8 Qa1+ 37. Kg2 d4 38. Bf6 Qa4 39. Qd7 d3 40. Bc3 Qe4+ 41. Kg1 Qc4 42. Qc6 Qb3 43. f4 d2 44. Bxd2 Qd1+ 45. Be1 Qxe1+ 46. Kg2 Qe2+ 47. Kg1 a6 48. bxa6 Qxa6 49. h4 Qa5 50. Kg2 Qc5 51. Qe4 Qf5 52. Qb4 b5 53. Kh2 Qc2+ 54. Kh3 Qd3 55. Kh2 Qc4 56. Qb1 Bxf4 57. gxf4 Qxf4+ 58. Kh3 Qf5+ 0-1

[Event "Ruhrgebiet Regionalliga 1112"]
[Site "Nordrheinwestfalen"]
[Date "2011.12.18"]
[Round "5.2"]
[White "Dergatschova, Anna"]
[Black "Ahling, Michael"]
[Result "1/2-1/2"]
[WhiteElo "2224"]
[BlackElo "2096"]
[PlyCount "104"]
[EventDate "2011.09.25"]
[EventType "team-tourn"]
[EventRounds "9"]
[EventCountry "GER"]
[SourceTitle "EXT 2020"]
[Source "ChessBase"]
[SourceDate "2019.10.17"]
[SourceVersion "1"]
[SourceVersionDate "2019.10.17"]
[SourceQuality "1"]
[WhiteTeam "Holsterhausen SK"]
[BlackTeam "Horst Emscher"]
[WhiteTeamCountry "GER"]
[BlackTeamCountry "GER"]

1. e4 c6 2. d4 d5 3. Nc3 dxe4 4. Nxe4 Bf5 5. Ng3 Bg6 6. c3 e6 7. Nf3 Nd7 8. Bc4 Ngf6 9. 0-0 Nb6 10. Bb3 Bd6 11. c4 0-0 12. a4 a5 13. Bg5 h6 14. Bd2 Bd3 15. c5 Bxf1 16. Nxf1 Be7 17. cxb6 Qxb6 18. Ne3 Nd5 19. Nxd5 cxd5 20. Bc3 Bb4 21. Ne5 Bxc3 22. bxc3 Rfc8 23. Rb1 Rxc3 24. Bxd5 Qc7 25. Bf3 Rc8 26. Rxb7 Qxb7 27. Bxb7 Rc1 28. Qf1 Rxf1+ 29. Kxf1 Rc1+ 30. Ke2 f6 31. Nf3 Kf8 32. Ba6 Rc2+ 33. Nd2 Ke7 34. Bb5 Ra2 35. h4 g5 36. hxg5 hxg5 37. f3 f5 38. g3 Kd8 39. Kd3 Ra3+ 40. Kc4 Re3 41. Kc5 Kc7 42. Bc4 g4 43. fxg4 fxg4 44. Kb5 Rxg3 45. Bxe6 Rd3 46. Nc4 g3 47. Bh3 Rxd4 48. Bg2 Rf4 49. Ne3 Rf2 50. Ba8 Re2 51. Ng2 Re5+ 52. Ka6 Re8 1/2-1/2

[Event "Ruhrgebiet Regionalliga 1011"]
[Site "Nordrheinwestfalen"]
[Date "2010.11.21"]
[Round "3.2"]
[White "Ahling, Michael"]
[Black "Voss, Hubertus"]
[Result "1/2-1/2"]
[WhiteElo "2088"]
[BlackElo "2114"]
[PlyCount "85"]
[EventDate "2010.09.19"]
[EventType "team-tourn"]
[EventRounds "9"]
[EventCountry "GER"]
[SourceTitle "EXT 2020"]
[Source "ChessBase"]
[SourceDate "2019.10.17"]
[SourceVersion "1"]
[SourceVersionDate "2019.10.17"]
[SourceQuality "1"]
[WhiteTeam "Horst Emscher"]
[BlackTeam "Hamm SVg"]
[WhiteTeamCountry "GER"]
[BlackTeamCountry "GER"]

1. Nf3 d5 2. g3 Nf6 3. Bg2 g6 4. b4 Bg7 5. Bb2 0-0 6. 0-0 c6 7. d3 Qb6 8. a3 a5 9. Bd4 Qc7 10. Nbd2 Nbd7 11. Bc3 e5 12. e3 Re8 13. bxa5 c5 14. Nb3 b6 15. axb6 Nxb6 16. Ra2 Na4 17. Ba1 Ba6 18. Re1 Rab8 19. Nc1 e4 20. Nd2 c4 21. dxc4 dxc4 22. Ne2 Rbd8 23. Bd4 Nd5 24. Nxe4 Rxe4 25. Bxe4 Ndc3 26. Qa1 Bxd4 27. exd4 Nxe4 28. Qc1 Bb7 29. Qf4 Qc6 30. f3 Nec3 31. Nxc3 Nxc3 32. Rb2 Nb5 33. Re7 Rf8 34. Rxb7 Qxb7 35. a4 Qa7 36. Rxb5 Qxa4 37. Rb8 Qxc2 38. Rxf8+ Kxf8 39. Qd6+ Kg7 40. Qe5+ Kg8 41. Qe8+ Kg7 42. Qe5+ Kg8 43. Qe8+ 1/2-1/2

[Event "Ruhrgebiet VL1 0708"]
[Site "Germany"]
[Date "2007.11.18"]
[Round "3.1"]
[White "Aulich, Marcell"]
[Black "Ahling, Michael"]
[Result "0-1"]
[WhiteElo "1963"]
[BlackElo "2173"]
[PlyCount "94"]
[EventDate "2007.09.02"]
[EventType "team"]
[EventRounds "9"]
[EventCountry "GER"]
[SourceTitle "EXT 2009"]
[Source "ChessBase"]
[SourceDate "2008.11.26"]
[SourceVersion "1"]
[SourceVersionDate "2008.11.26"]
[SourceQuality "1"]
[WhiteTeam "Dortmund Brackel II"]
[BlackTeam "Horst Emscher"]
[WhiteTeamCountry "GER"]
[BlackTeamCountry "GER"]

1. e4 c6 2. d4 d5 3. e5 c5 4. dxc5 e6 5. Be3 Nh6 6. Bxh6 gxh6 7. Qd2 Qc7 8. Nf3 Nd7 9. Bb5 Qxc5 10. Nc3 a6 11. Bxd7+ Bxd7 12. 0-0-0 Qc4 13. Qd4 Rc8 14. Qxc4 Rxc4 15. g3 Bb4 16. Ne2 0-0 17. Nfd4 Rfc8 18. h4 f6 19. f4 Be7 20. g4 fxe5 21. fxe5 Rf8 22. Rh2 Rf7 23. Rg1 Rc8 24. g5 hxg5 25. hxg5 Rg7 26. Rhg2 Rf8 27. Kd2 Bd8 28. Rg4 Bc7 29. g6 hxg6 30. Rxg6 Rxg6 31. Rxg6+ Kf7 32. Rf6+ Ke7 33. Rxf8 Kxf8 34. Nf3 Kg7 35. Ke3 Kg6 36. Kf4 Bd8 37. Kg4 Bc7 38. Nf4+ Kf7 39. Ng5+ Ke7 40. Ng6+ Ke8 41. Kh5 Bb6 42. Nh7 Kf7 43. Nf6 Bb5 44. c3 Be3 45. Ng4 Be2 46. Nh4 Bc1 47. b3 Bb2 0-1

[Event "Ruhrgebiet VL2 0405"]
[Site "Ruhrgebiet"]
[Date "2004.11.07"]
[Round "3.2"]
[White "Jellinghaus, Lars"]
[Black "Ahling, Michael"]
[Result "1/2-1/2"]
[WhiteElo "2069"]
[BlackElo "2089"]
[PlyCount "115"]
[EventDate "2004.09.12"]
[EventType "team"]
[EventRounds "9"]
[EventCountry "GER"]
[SourceTitle "EXT 2006"]
[Source "ChessBase"]
[SourceDate "2005.11.24"]
[SourceVersion "1"]
[SourceVersionDate "2005.11.24"]
[SourceQuality "1"]
[WhiteTeam "Bochum Post"]
[BlackTeam "Horst"]
[WhiteTeamCountry "GER"]
[BlackTeamCountry "GER"]

1. d4 d5 2. Nf3 Nf6 3. c4 c6 4. Nc3 dxc4 5. a4 Bf5 6. e3 e6 7. Bxc4 Bb4 8. 0-0 0-0 9. Qe2 Nbd7 10. e4 Bg6 11. Bd3 Bh5 12. Bf4 Re8 13. e5 Nd5 14. Nxd5 cxd5 15. Qe3 Bg6 16. Bxg6 fxg6 17. Qd3 a6 18. Ng5 h6 19. Nh3 Nf8 20. Be3 Qd7 21. Nf4 Qf7 22. Rac1 Rac8 23. Rc2 g5 24. Ne2 Qg6 25. Qxg6 Nxg6 26. Rfc1 Ne7 27. Rc7 Rb8 28. g4 Ba5 29. R7c2 Rbc8 30. Kg2 Rxc2 31. Rxc2 Nc6 32. Nc1 Bb6 33. Nb3 Rc8 34. Kg3 Rf8 35. h3 Rf7 36. Rc1 Kf8 37. Rh1 Rc7 38. Rc1 Rf7 39. Rc3 Ke8 40. Rc1 Kd7 41. Rd1 Rf8 42. Rd3 Na5 43. Nxa5 Bxa5 44. Rd1 Rc8 45. Rc1 Rc4 46. b3 Rxc1 47. Bxc1 Be1 48. Be3 Kc6 49. h4 gxh4+ 50. Kxh4 g6 51. Kg3 Bc3 52. f4 Kd7 53. Kf3 Ke7 54. Ke2 h5 55. Kf3 Kf7 56. Bf2 Bd2 57. Kg3 Bc1 58. Kf3 1/2-1/2

[Event "Ruhrgebiet VL2 0304"]
[Site "Ruhrgebiet"]
[Date "2004.02.29"]
[Round "7.3"]
[White "Mewes, Karsten"]
[Black "Ahling, Michael"]
[Result "1-0"]
[WhiteElo "1985"]
[BlackElo "2040"]
[PlyCount "151"]
[EventDate "2003.09.28"]
[EventType "team"]
[EventRounds "9"]
[EventCountry "GER"]
[SourceTitle "EXT 2007"]
[Source "ChessBase"]
[SourceDate "2006.11.23"]
[SourceVersion "1"]
[SourceVersionDate "2006.11.23"]
[SourceQuality "1"]
[WhiteTeam "Castrop Rauxel II"]
[BlackTeam "Horst"]
[WhiteTeamCountry "GER"]
[BlackTeamCountry "GER"]

1. Nf3 d5 2. c4 c6 3. g3 Nf6 4. b3 Bf5 5. Bb2 e6 6. Bg2 h6 7. d3 Be7 8. 0-0 0-0 9. Nbd2 Nbd7 10. a3 a5 11. Ra2 Bh7 12. Qa1 b5 13. cxb5 cxb5 14. Rc1 Rc8 15. Ne5 Rxc1+ 16. Qxc1 Qb6 17. Ndf3 Bc5 18. e3 Nxe5 19. Nxe5 Qd6 20. Bf1 d4 21. Bxd4 Bxd4 22. exd4 Qxd4 23. Nc6 Qb6 24. Ne7+ Kh8 25. Rc2 Qd6 26. Rc7 Re8 27. Nc8 Qd8 28. Qc6 Nd5 29. Nd6 Qxc7 30. Qxe8+ Bg8 31. Nxb5 Qc5 32. d4 Qb6 33. Bc4 Nf6 34. Qc8 g6 35. Qc7 Qxc7 36. Nxc7 Kg7 37. Nb5 Ne4 38. Bd3 Nd2 39. Bc2 Kf8 40. f4 Nf3+ 41. Kh1 g5 42. Bd1 Nd2 43. fxg5 hxg5 44. Nd6 Bh7 45. Nc4 Be4+ 46. Kg1 Nb1 47. Kf2 Bd5 48. Nxa5 Nxa3 49. Bf3 Nc2 50. Bxd5 exd5 51. Nc6 Ke8 52. Ke2 Kd7 53. Kd2 Na3 54. Ne5+ Ke6 55. h4 Nb5 56. Ke3 gxh4 57. gxh4 Kf5 58. Nxf7 Kg4 59. Nh6+ Kxh4 60. Kf4 Kh5 61. Nf5 Kg6 62. Ke5 Nc3 63. Ne7+ Kf7 64. Nxd5 Nb5 65. Nb6 Ke7 66. d5 Nd6 67. Nc4 Nb7 68. d6+ Kd7 69. Kd5 Kc8 70. b4 Kd7 71. Ne5+ Kc8 72. d7+ Kc7 73. Ke6 Kb6 74. Ke7 Kc7 75. Nf7 Kb6 76. Nd6 1-0

[Event "Ruhrgebiet VL2 0304"]
[Site "Ruhrgebiet"]
[Date "2004.01.11"]
[Round "5.4"]
[White "Ahling, Michael"]
[Black "Gierse, Heinz Dieter"]
[Result "1-0"]
[WhiteElo "2040"]
[BlackElo "1945"]
[PlyCount "69"]
[EventDate "2003.09.28"]
[EventType "team"]
[EventRounds "9"]
[EventCountry "GER"]
[SourceTitle "EXT 2007"]
[Source "ChessBase"]
[SourceDate "2006.11.23"]
[SourceVersion "1"]
[SourceVersionDate "2006.11.23"]
[SourceQuality "1"]
[WhiteTeam "Horst"]
[BlackTeam "Bottrop"]
[WhiteTeamCountry "GER"]
[BlackTeamCountry "GER"]

1. d4 Nf6 2. c4 g6 3. Nc3 Bg7 4. g3 d6 5. Bg2 0-0 6. Nf3 c5 7. d5 Na6 8. 0-0 Nc7 9. h3 Rb8 10. a4 b6 11. e4 a6 12. e5 Nd7 13. exd6 exd6 14. Bf4 Nf6 15. Nd2 Nh5 16. Be3 f5 17. Qf3 b5 18. axb5 axb5 19. cxb5 Nxb5 20. Nxb5 Rxb5 21. Nc4 f4 22. gxf4 Bh6 23. f5 Bxe3 24. Qxe3 Rxf5 25. Ra8 Rf8 26. Rxc8 Qxc8 27. Nxd6 Qd7 28. Nxb5 Qxb5 29. Qe6+ Kg7 30. Qe5+ Kh6 31. Qe3+ Nf4 32. Qe7 Rf5 33. d6 Nxg2 34. d7 Ne3 35. Qxe3+ 1-0

[Event "Ruhrgebiet Regionalliga 0001"]
[Site "Ruhrgebiet"]
[Date "2000.12.10"]
[Round "4"]
[White "Ahling, Michael"]
[Black "Homs, Guust"]
[Result "0-1"]
[WhiteElo "2086"]
[BlackElo "2231"]
[PlyCount "72"]
[EventDate "2000.09.17"]
[EventType "team-tourn"]
[EventRounds "11"]
[EventCountry "GER"]
[SourceTitle "EXT 2024"]
[Source "ChessBase"]
[SourceDate "2023.10.10"]
[SourceVersion "1"]
[SourceVersionDate "2023.10.10"]
[SourceQuality "1"]
[WhiteTeam "Recklinghausen Sued"]
[BlackTeam "Erkenschwick"]
[WhiteTeamCountry "GER"]
[BlackTeamCountry "GER"]

1. d4 Nf6 2. c4 e6 3. Nc3 d5 4. cxd5 Nxd5 5. e4 Nxc3 6. bxc3 c5 7. a3 cxd4 8. cxd4 Be7 9. Nf3 0-0 10. Bd3 Nc6 11. Be3 g6 12. 0-0 b6 13. Qe2 Bf6 14. e5 Bg7 15. Rfd1 Bb7 16. Be4 Na5 17. Bxb7 Nxb7 18. Rac1 Na5 19. Ng5 Qd5 20. Rc3 Rfc8 21. Rdc1 Rxc3 22. Rxc3 Nc6 23. Nf3 Qd7 24. Qc2 Ne7 25. Rc7 Qe8 26. h3 Nd5 27. Rc4 b5 28. Rc5 Bf8 29. Rxd5 exd5 30. Qb3 Qc6 31. Nd2 a5 32. Kh2 b4 33. axb4 Bxb4 34. Nf3 Bf8 35. Nd2 a4 36. Qa2 Bb4 0-1

[Event "Ruhrgebiet Regionalliga 0001"]
[Site "Ruhrgebiet"]
[Date "2000.11.19"]
[Round "3"]
[White "Schwalen, Peter"]
[Black "Ahling, Michael"]
[Result "1/2-1/2"]
[WhiteElo "2154"]
[BlackElo "2086"]
[PlyCount "92"]
[EventDate "2000.09.17"]
[EventType "team-tourn"]
[EventRounds "11"]
[EventCountry "GER"]
[SourceTitle "EXT 2024"]
[Source "ChessBase"]
[SourceDate "2023.10.10"]
[SourceVersion "1"]
[SourceVersionDate "2023.10.10"]
[SourceQuality "1"]
[WhiteTeam "Katernberg SF II"]
[BlackTeam "Recklinghausen Sued"]
[WhiteTeamCountry "GER"]
[BlackTeamCountry "GER"]

1. d4 d5 2. Bg5 Nd7 3. e3 Ngf6 4. Nf3 e6 5. c4 Be7 6. Nc3 0-0 7. Rc1 c6 8. Be2 dxc4 9. Bxc4 Nd5 10. Bxe7 Qxe7 11. 0-0 Nxc3 12. Rxc3 e5 13. Qb1 exd4 14. Nxd4 Nf6 15. Bd3 c5 16. Nf5 Qe5 17. f4 Qe6 18. Rxc5 Nd7 19. Bc4 Qf6 20. Rc7 Qb6 21. Ne7+ Kh8 22. Nd5 Qd6 23. Rc1 Nc5 24. b4 Ne6 25. Re7 Bd7 26. f5 Nc7 27. Nxc7 Qxe7 28. Nxa8 Qxe3+ 29. Kh1 Bxf5 30. Re1 Bxb1 31. Rxe3 Rxa8 32. Bxf7 Rf8 33. h3 g6 34. Re7 Be4 35. a4 a6 36. b5 axb5 37. axb5 Bd3 38. b6 Be4 39. Kh2 Bc6 40. Kg3 Ra8 41. Re2 Kg7 42. Ba2 h5 43. h4 Ra4 44. Re7+ Kf6 45. Rf7+ Ke5 46. Re7+ Kf6 1/2-1/2

[Event "Ruhrgebiet Regionalliga 0001"]
[Site "Ruhrgebiet"]
[Date "2000.10.15"]
[Round "2"]
[White "Ahling, Michael"]
[Black "Band, Ruediger"]
[Result "1-0"]
[WhiteElo "2086"]
[BlackElo "2031"]
[PlyCount "107"]
[EventDate "2000.09.17"]
[EventType "team-tourn"]
[EventRounds "11"]
[EventCountry "GER"]
[SourceTitle "EXT 2024"]
[Source "ChessBase"]
[SourceDate "2023.10.10"]
[SourceVersion "1"]
[SourceVersionDate "2023.10.10"]
[SourceQuality "1"]
[WhiteTeam "Recklinghausen Sued"]
[BlackTeam "Laeufer Wanne Eickel"]
[WhiteTeamCountry "GER"]
[BlackTeamCountry "GER"]

1. d4 Nf6 2. c4 c5 3. d5 d6 4. Nc3 g6 5. g3 Bg7 6. Bg2 0-0 7. Nf3 e6 8. 0-0 exd5 9. cxd5 a6 10. a4 Nbd7 11. h3 Re8 12. Nd2 Rb8 13. Nc4 Ne5 14. Na3 Nh5 15. e4 Bd7 16. Qe2 f5 17. Kh2 f4 18. gxf4 Qh4 19. fxe5 Bxe5+ 20. f4 Bxh3 21. Qf2 Qxf2 22. Rxf2 Bd4 23. Re2 Bg4 24. Rc2 Rf8 25. Nc4 b5 26. axb5 axb5 27. Ne3 Bd7 28. Ra7 Rbd8 29. Ne2 Nxf4 30. Nxf4 Be5 31. Nd1 g5 32. Kg3 gxf4+ 33. Kf3 Kh8 34. Nf2 Rg8 35. Bf1 Rg3+ 36. Ke2 f3+ 37. Ke1 Rg1 38. Bd2 Bg3 39. Bc3+ Kg8 40. Bf6 Rf8 41. Rxd7 Rxf6 42. e5 Bxe5 43. Ne4 Rf4 44. Nxd6 Ra4 45. Rxc5 Ra1+ 46. Kd2 Bf4+ 47. Kd3 Bxd6 48. Rc8+ Bf8 49. Bh3 Rge1 50. Be6+ Rxe6 51. dxe6 f2 52. Rf7 f1Q+ 53. Rxf1 Rxf1 54. e7 1-0